The American school a global context from the puritans to the Obama era

Wedi'i Gadw mewn:
Manylion Llyfryddiaeth
Prif Awdur: Spring, Joel H.
Awduron Eraill: 1965- 1943- 1950-
Fformat: Llyfr
Iaith:English
Cyhoeddwyd: New York McGraw-Hill 2011
Rhifyn:8th ed.
Pynciau:
Tagiau: Ychwanegu Tag
Dim Tagiau, Byddwch y cyntaf i dagio'r cofnod hwn!
Thư viện lưu trữ: Mạng thư viện Đại học Đà Nẵng
LEADER 01321nam a2200373 4500
001 000023529
003 19982
005 20151221111213.0
008 151221s2011 engsd
020 |a 9780078097843 (alk. paper) 
041 0 |a eng 
082 0 0 |a 370.973  |b SP-J 
100 1 |a Spring, Joel H. 
245 1 4 |a The American school  |b a global context from the puritans to the Obama era  |c Joel Spring 
250 |a 8th ed. 
260 |a New York  |b McGraw-Hill  |c 2011 
300 |a x, 459 p.  |c 23 cm. 
504 |a Includes bibliographical references and index 
650 0 |a Education  |x History  |z United States 
650 0 |a Education  |x History.  |x Social aspects  |z United States 
650 0 |a United States  |x Politics and government  |y 21st century 
653 |a Giáo dục Hoa Kỳ 
653 |a Chính sách giáo dục 
700 1 |d 1965-  |d 1943-  |d 1950- 
OWN |a LSP 
AVA |a UDN50  |b LSP  |d 370.973 SP-J  |e available  |t Error 5001 Not defined in file expand_doc_bib_avail.  |f 1  |g 0  |h N  |i 0  |k 1 
999 |a From the UDN01 
AVA |a UDN50  |b LSP  |d 370.973 SP-J  |e available  |t Error 5001 Not defined in file expand_doc_bib_avail.  |f 1  |g 0  |h N  |i 0  |k 1 
TYP |a Monograph 
TYP |a Printed language 
980 |a Mạng thư viện Đại học Đà Nẵng